| 000 | 00674nas a2200229 4500 | ||
|---|---|---|---|
| 001 | BR8002199 | ||
| 003 | BR-BrBNA | ||
| 005 | 20231205084258.0 | ||
| 007 | ta | ||
| 008 | 230509b bl.|||p| |||| 00| 00por d | ||
| 040 |
_aBR-BrBNA _bpor _cBiblioteca Nacional de Agricultura |
||
| 041 | _a(Pt) | ||
| 072 | _aL72 | ||
| 100 | 1 | _aRodrigues, M. | |
| 245 | 1 | _aO brasil esta sem defesa contra os carrapatos [Bovino; Bos taurus] | |
| 650 | _aPraga de animal | ||
| 650 | _aCarrapato | ||
| 650 | _aBovino | ||
| 773 | 0 |
_tAgricultura de Hoje (Brazil) _xISSN 0100-5707 _g(Jun 1980), v. 5(60) p. 28-30 _wBR8002199 |
|
| 909 |
_a202311 _bLúcia _c55 _dLúcia Elande |
||
| 942 |
_2AGRIS _n0 _cANA |
||
| 999 |
_c104228 _d104228 |
||